General S.M. Shrinagesh: (Record no. 57098)

MARC details
000 -LEADER
fixed length control field 00733nam a22002177a 4500
005 - DATE AND TIME OF LATEST TRANSACTION
control field 20110928112250.0
010 ## - LCCN (DPL NO)
LC control number G-001508
020 ## - INTERNATIONAL STANDARD BOOK NUMBER
Terms of availability 595.00
International Standard Book Number 9788170947417
035 1d - SYSTEM CONTROL NUMBER
System control number G-001508
037 ## - SOURCE OF ACQUISITION
Source of stock number/acquisition Gift
082 ## - DEWEY DECIMAL CLASSIFICATION NUMBER
Classification number 920
100 ## - MAIN ENTRY--PERSONAL NAME
Personal name Issar, Satish K.
245 ## - TITLE STATEMENT
Title General S.M. Shrinagesh:
Statement of responsibility, etc by Satish K. Issar
Remainder of title soldier, scholar, statesman /
260 ## - PUBLICATION, DISTRIBUTION, ETC. (IMPRINT)
Place of publication, distribution, etc New Delhi
Name of publisher, distributor, etc Vision Books
Date of publication, distribution, etc 2009
270 ## - ADDRESS
Address 24 Feroze Gandhi Road, Lajpat Nagar
City New Delhi
Postal code 110024
300 ## - PHYSICAL DESCRIPTION
Extent 356p.
Dimensions 24cm(Hb)
500 ## - GENERAL NOTE
General note Includes index
942 ## - ADDED ENTRY ELEMENTS (KOHA)
Source of classification or shelving scheme Dewey Decimal Classification
Item type English Books
Classification part 920
Call number suffix ISS
Holdings
Withdrawn status Lost status Not for loan Collection code Home library Current library Date acquired Source of acquisition Cost, normal purchase price Full call number Barcode Copy number Cost, replacement price Koha item type
      Non-fiction Janak Puri Janak Puri 28/09/2011 gift 595.00 920 ISS G-001508 1 595.00 English Books

© Delhi Public Library
Hit Counter
free hit counter